LIBRARY & INFORMATION CENTRE, KCAET, TAVANUR

ONLINE PUBLIC ACCESS CATALOGUE (OPAC)

Statistical Methods For Agricultural Workers (Record no. 14579)

MARC details
000 -LEADER
fixed length control field 00302nam a22001217a 4500
020 ## - INTERNATIONAL STANDARD BOOK NUMBER
ISBN 9789350300732
082 ## - DEWEY DECIMAL CLASSIFICATION NUMBER
Classification number 519.5163
Item number SIN/ST
100 ## - MAIN ENTRY--AUTHOR NAME
Personal name Singh S.R.J.
245 ## - TITLE STATEMENT
Title Statistical Methods For Agricultural Workers
260 ## - PUBLICATION, DISTRIBUTION, ETC. (IMPRINT)
Place of publication Jaipur
Name of publisher Oxford Book Company
Year of publication 2012
300 ## - PHYSICAL DESCRIPTION
Number of Pages 288
942 ## - ADDED ENTRY ELEMENTS (KOHA)
Koha item type Books
Holdings
Withdrawn status Lost status Damaged status Home library Current library Shelving location Date acquired Source of acquisition Cost, normal purchase price Full call number Accession Number Koha item type
      KAUAET KAUAET General Stacks 18/07/2016 Ganesh Book Centre 2295.00 519.5163. SIN/ST 24881 Books
free website counter